IL REGNO ATTUALITÀ E DOCUMENTI. 15 DICEMBRE 1990. (Record n. 323297)

Dettagli MARC
000 -LEADER
fixed length control field 01863nas a2200277Ia 4500
001 - CONTROL NUMBER
control field R262-R4852
003 - CONTROL NUMBER IDENTIFIER
control field IT-CnALBA
008 - FIXED-LENGTH DATA ELEMENTS--GENERAL INFORMATION
fixed length control field 170116c99999999xx |||||||||||| ||und||
040 ## - CATALOGING SOURCE
Original cataloging agency IT-CnALBA
Transcribing agency IT-CnALBA
041 ## - LANGUAGE CODE
Language code of text/sound track or separate title ITALIANO
999 ## - SYSTEM CONTROL NUMBERS (KOHA)
Koha Dewey Subclass [OBSOLETE] NO
100 ## - MAIN ENTRY--PERSONAL NAME
Personal name PREZZI LORENZO
210 ## - ABBREVIATED TITLE
Abbreviated title IL REGNO
222 ## - KEY TITLE
Key title IL REGNO
245 #0 - TITLE STATEMENT
Title IL REGNO ATTUALITÀ E DOCUMENTI. 15 DICEMBRE 1990.
250 ## - EDITION STATEMENT
Edition statement 1a ed.
260 ## - PUBLICATION, DISTRIBUTION, ETC. (IMPRINT)
Place of publication, distribution, etc. BOLOGNA - NAPOLI
Name of publisher, distributor, etc. DEHONIANE EDIZIONI
Date of publication, distribution, etc. 1990 [1° Ed.:1990 - Ed.Ling.Originale: 1990]
300 ## - PHYSICAL DESCRIPTION
Extent 64 p.
310 ## - CURRENT PUBLICATION FREQUENCY
Current publication frequency QUINDICINALE
362 ## - DATES OF PUBLICATION AND/OR SEQUENTIAL DESIGNATION
Dates of publication and/or sequential designation Fascicolo: 22 / Anno: 35 (1990)
500 ## - GENERAL NOTE
General note PIANETA CARITÀ E SATELLITI. MATTÈ, STRAZZARI, QUARCETTI, GALLIOT, MAYER, CAVAZZA, STAFANI. ACCATTOLI. SOMMARIO 1990, AUTORI E ARGOMENTI DELLA ANNATA. POSTA DEI LETTORI. PROPOSTA DI TEOLOGIA ECUMENICA. CHIESA E SOCIETÀ IN ITALIA. AGENDA VATICANA. DIARIO ECUMENICO. BIBBIA E NUOVA EVANGELIZZAZIONE. URSS KAZAKISTAN, STORIE DI MARTIRIO. ISRAELE MAPPA DEI MOVIMENTI RELIGIOSI URSS, FEDE DEGLI ORFANI. CHIESA ORTODOSSA RUSSA, DISTURBI DALLO ESILIO. UCRAINA ECONOMIA. JUGOSLAVIA, UNIONE PER L'INTERDIZIONE DELLA GUERRA CIVILE.
501 ## - WITH NOTE
With note Società San Paolo EM - Piazza San Paolo, 14 - 12051 ALBA (CN) (non commercial uses only) ® Copyright 2017
520 ## - SUMMARY, ETC.
Summary, etc. PIANETA CARITÀ E SATELLITI. MATTÈ, STRAZZARI, QUARCETTI, GALLIOT, MAYER, CAVAZZA, STAFANI. ACCATTOLI. SOMMARIO 1990, AUTORI E ARGOMENTI DELLA ANNATA. POSTA DEI LETTORI. PROPOSTA DI TEOLOGIA ECUMENICA. CHIESA E SOCIETÀ IN ITALIA. AGENDA VATICANA. DIARIO ECUMENICO. BIBBIA E NUOVA EVANGELIZZAZIONE. URSS KAZAKISTAN, STORIE DI MARTIRIO. ISRAELE MAPPA DEI MOVIMENTI RELIGIOSI URSS, FEDE DEGLI ORFANI. CHIESA ORTODOSSA RUSSA, DISTURBI DALLO ESILIO. UCRAINA ECONOMIA. JUGOSLAVIA, UNIONE PER L'INTERDIZIONE DELLA GUERRA CIVILE.
650 ## - SUBJECT ADDED ENTRY--TOPICAL TERM
Topical term or geographic name as entry element ECCLESIOLOGIA
942 ## - ADDED ENTRY ELEMENTS (KOHA)
Koha item type RIVISTA
957 ## -
-- 1
999 ## - SYSTEM CONTROL NUMBERS (KOHA)
-- 1
Dati di copia
Withdrawn status Lost status Damaged status Not for loan Home library Current library Date acquired Total Checkouts Full call number Date last seen Price effective from Koha item type Public note
    Buone Condizioni Not For Loan ALBA - Biblioteca ALBA - Biblioteca 16/01/2017   R262-R4852 16/01/2017 16/01/2017 RIVISTA (data import: 16 gennaio 2017) - By Epidotti, Vaglietti.
CREDITS: SOCIETA' SAN PAOLO Via A.Severo, 58 - ROMA (RM) & PERIODICI SAN PAOLO SRL Via Giotto, 36 MILANO & CISF Via Giotto, 36 MILANO & EDIZIONI SAN PAOLO SRL,  Piazza Soncino, 5 CINISELLO BALSAMO (MI) -- ITALY